GOLWALLA'S MEDICINE FOR STUDENTS (Record no. 16919)

MARC details
000 -LEADER
fixed length control field 00381nam a22001697a 4500
003 - CONTROL NUMBER IDENTIFIER
control field SGT
020 ## - INTERNATIONAL STANDARD BOOK NUMBER
International Standard Book Number 978-93-5152-474-6
082 ## - DEWEY DECIMAL CLASSIFICATION NUMBER
Classification number 616
Item number G18G
100 ## - MAIN ENTRY--PERSONAL NAME
Personal name GOLWALLA,ASPI.F.
245 ## - TITLE STATEMENT
Title GOLWALLA'S MEDICINE FOR STUDENTS
250 ## - EDITION STATEMENT
Edition statement 25TH
260 ## - PUBLICATION, DISTRIBUTION, ETC. (IMPRINT)
Place of publication, distribution, etc NEW DELHI
Name of publisher, distributor, etc JAYPEE PUB.
Year of Publication 2018
300 ## - PAGE DESCRIPTION
No. of Pages 1160
650 ## - SUBJECT ADDED ENTRY--TOPICAL TERM
Topical term or geographic name as entry element AYURVEDA
653 ## - KEYWORDS--INDEX TERM
Keyword term MEDICINE,
942 ## - ADDED ENTRY ELEMENTS (KOHA)
Source of classification or shelving scheme Dewey Decimal Classification
Koha item type Books
942 ## - ADDED ENTRY ELEMENTS (KOHA)
-- 39
Holdings
Withdrawn status Lost status Source of classification or shelving scheme Damaged status Not for loan Collection code Home library Current library Shelving location Date acquired Vendor Name Cost, normal purchase price SGTU Bill Number Total Checkouts Full call number Accession No. (Barcode) Date last seen Date last borrowed Bill Date Koha item type Use restrictions
    Dewey Decimal Classification     AYURVEDA SGT FA-FP Library SGT FA-FP Library Text Book 18/02/2019 AHUJA PUB 1395.00 SGTU 10644 34 616 G18G FA10087 24/02/2026 24/02/2026 07/02/2019 Books  
    Dewey Decimal Classification     AYURVEDA SGT FA-FP Library SGT FA-FP Library Text Book 18/02/2019 AHUJA PUB 1395.00 SGTU 10644 34 616 G18G FA10088 24/02/2026 24/02/2026 07/02/2019 Books  
    Dewey Decimal Classification     AYURVEDA SGT FA-FP Library SGT FA-FP Library Text Book 18/02/2019 AHUJA PUB 1395.00 SGTU 10644 30 616 G18G FA10089 25/02/2026 25/02/2026 07/02/2019 Books  
    Dewey Decimal Classification     AYURVEDA SGT FA-FP Library SGT FA-FP Library Reference Book 18/02/2019 AHUJA PUB 1395.00 SGTU 10644 4 616 G18G FA10090 15/12/2020 30/10/2020 07/02/2019 Books Restricted Access
    Dewey Decimal Classification     AYURVEDA SGT FA-FP Library SGT FA-FP Library Text Book 18/02/2019 AHUJA PUB 1395.00 SGTU 10644 28 616 G18G FA10091 20/11/2024 05/11/2024 07/02/2019 Books